000
00276nam a22001217a 4500
040
_c
DLC
082
_a
822.309
_b
BRI
100
_a
BRI
_9
85982
245
_a
The Age of Shakespeare
260
_a
London
_b
The British Council
_c
1978
300
_a
56p. :
_b
ill.;
942
_2
ddc
_c
BK
999
_c
587198
_d
587198